Content and interpretation of company accounts : a CPD study pack. (Record no. 85375)

MARC details
000 -LEADER
fixed length control field 01153cgm a2200277 4500
001 - CONTROL NUMBER
control field M94630
008 - FIXED-LENGTH DATA ELEMENTS--GENERAL INFORMATION
fixed length control field 090401t1996 xxu||||| |||| 00| 0 eng d
035 ## - SYSTEM CONTROL NUMBER
System control number (Sirsi) u89253
041 ## - LANGUAGE CODE
Language code of text/sound track or separate title eng
050 ## - LIBRARY OF CONGRESS CALL NUMBER
Classification number 657.95
100 ## - MAIN ENTRY--PERSONAL NAME
Personal name Smee, Richard
245 ## - TITLE STATEMENT
Title Content and interpretation of company accounts : a CPD study pack.
250 ## - EDITION STATEMENT
Edition statement 3rd ed.
260 ## - PUBLICATION, DISTRIBUTION, ETC.
Place of publication, distribution, etc. Reading
Name of publisher, distributor, etc. College of Estate Management
Date of publication, distribution, etc. 1996
300 ## - PHYSICAL DESCRIPTION
Extent v, 50p.
Dimensions 30cm + 1 audio cassette (ca. 60 min) and model report and accounts (67p. ; 30cm)
350 ## - PRICE (NR) (BK AM CF MU VM SE) [OBSOLETE]
Price 42.5
490 ## - SERIES STATEMENT
Series statement College of Estate Management CPD Study Pack
520 ## - SUMMARY, ETC.
Summary, etc. Study pack produced with financial support from the Royal Institution of Chartered Surveyors and the Harold Samuel Educational Trust. Accompanied by Owlion Audio Tape entitled "Understanding company accounts" which also available to borrow seperately.
520 ## - SUMMARY, ETC.
Summary, etc. Superseded by 2001 edition (ISBN 1899769293). Supersedes 1992 edition (ISBN 0947763627).
650 ## - SUBJECT ADDED ENTRY--TOPICAL TERM
Topical term or geographic name entry element ACCOUNTANCY
650 ## - SUBJECT ADDED ENTRY--TOPICAL TERM
Topical term or geographic name entry element COMPANY ACCOUNTS
690 ## - LOCAL SUBJECT ADDED ENTRY--TOPICAL TERM (OCLC, RLIN)
Topical term or geographic name as entry element FINANCE AND INVESTMENT
710 ## - ADDED ENTRY--CORPORATE NAME
Corporate name or jurisdiction name as entry element College of Estate Management
9 (RLIN) 400
942 ## - ADDED ENTRY ELEMENTS (KOHA)
Suppress in OPAC 0
948 ## - LOCAL PROCESSING INFORMATION (OCLC); SERIES PART DESIGNATOR (RLIN)
c (OCLC) 23/10/1998
Holdings
Withdrawn status Lost status Source of classification or shelving scheme Damaged status Not for loan Home library Current library Shelving location Date acquired Cost, normal purchase price Total Checkouts Full call number Barcode Date last seen Date last checked out Copy number Cost, replacement price Price effective from Koha item type
    Other/Generic Classification Scheme     London London Basement 05/01/1999 42.50 35 SHELF 330 30057125 06/08/2019 06/03/2006 1 42.50 06/08/2019 Audio